| 000 | 00408nam a2200133 a 4500 | ||
|---|---|---|---|
| 001 | 000045097 | ||
| 005 | 20201002045857.0 | ||
| 008 | 150202s1967 flu 000 0 spa d | ||
| 040 |
_aDO-SdBNP _bspa _cBNPHU |
||
| 082 |
_axxxx _bxxxx |
||
| 245 | 0 | 0 | _aEl caso de Cuba ante el derecho internacional. |
| 260 |
_aMiami, Florida : _bColegio de Abogados de la Habana, en el Exilio, _c1967. |
||
| 300 |
_a223 p. ; _c21 cm. |
||
| 999 |
_c44586 _d44586 |
||